Normal view MARC view

Entry Topical Term

Number of records used in: 1

001 - CONTROL NUMBER

  • control field: 51856

003 - CONTROL NUMBER IDENTIFIER

  • control field: OSt

005 - DATE AND TIME OF LATEST TRANSACTION

  • control field: 20250328111612.0

008 - FIXED-LENGTH DATA ELEMENTS

  • fixed length control field: 250328|| aca||aabn | a|a d

040 ## - CATALOGING SOURCE

  • Original cataloging agency: OSt
  • Transcribing agency: OSt

150 ## - HEADING--TOPICAL TERM

  • Topical term or geographic name entry element: Western Ghats, India, Natural Wonder, Ecological Significance, Flora, Fauna, Cultural Diversity, UNESCO World Heritage, Biological Diversity, Monsoon Rainfall, Carbon Sink, Endemic Species, Rivers, Human Heritage

670 ## - SOURCE DATA FOUND

  • Source citation: Work cat.: (OSt)525911: Sugoor, R.K. and Das, Lopamudra 51855, From peaks to valleys: A holistic exploration of the Western Ghats

Powered by Koha